00656 2200241 4500001002100000005001500021035002000036007000300056008004100059020002200100082001100122084001700133100001500150245008000165260003600245300003500281500001400316500001100330650001800341504003100359990001200390990001200402INLIS00000000000279920190112060714 a0010-0119000151ta190112 g 0 ind  a978-602-401-264-9 a591.04 a591.04 MED l0 aMEDY, Ompi1 aLarva Avertebrata Dasar Laut :bEkologi dan Tingkah Laku Larva /cMedy Ompi aYogyakarta :bDeepublish,c2016 ax, 137 hlm. :bilus. ;c23 cm. aGlosarium aIndeks aBINATANG LAUT aBibliografi : hlm. 121-125 a16856 a a16856 b